<?xml version="1.0" encoding="UTF-8"?>
<record
    xmlns:xsi="http://www.w3.org/2001/XMLSchema-instance"
    xsi:schemaLocation="http://www.loc.gov/MARC21/slim http://www.loc.gov/standards/marcxml/schema/MARC21slim.xsd"
    xmlns="http://www.loc.gov/MARC21/slim">

  <leader>02674cam a2200649 a 4500</leader>
  <controlfield tag="001">11653146</controlfield>
  <controlfield tag="003">LIBRIS</controlfield>
  <controlfield tag="005">20260603111457.0</controlfield>
  <controlfield tag="008">091027r20011940enk|||||||||||000 1|eng| </controlfield>
  <datafield tag="015" ind1=" " ind2=" ">
    <subfield code="a">GBA1-22104</subfield>
  </datafield>
  <datafield tag="020" ind1=" " ind2=" ">
    <subfield code="a">0099286092</subfield>
  </datafield>
  <datafield tag="020" ind1=" " ind2=" ">
    <subfield code="a">9780099286097</subfield>
  </datafield>
  <datafield tag="035" ind1=" " ind2=" ">
    <subfield code="a">(OCoLC)ocm46693517</subfield>
  </datafield>
  <datafield tag="035" ind1=" " ind2=" ">
    <subfield code="a">(OCoLC)46693517</subfield>
  </datafield>
  <datafield tag="040" ind1=" " ind2=" ">
    <subfield code="a">UKM</subfield>
    <subfield code="c">UKM</subfield>
    <subfield code="d">GZM</subfield>
    <subfield code="d">OCLCQ</subfield>
    <subfield code="d">VP@</subfield>
    <subfield code="d">OCLCA</subfield>
    <subfield code="d">D</subfield>
    <subfield code="e">a</subfield>
  </datafield>
  <datafield tag="041" ind1=" " ind2=" ">
    <subfield code="a">eng</subfield>
  </datafield>
  <datafield tag="043" ind1=" " ind2=" ">
    <subfield code="a">n-mx---</subfield>
  </datafield>
  <datafield tag="082" ind1="0" ind2="4">
    <subfield code="a">823.912 G798 2001</subfield>
    <subfield code="2">21</subfield>
  </datafield>
  <datafield tag="084" ind1=" " ind2=" ">
    <subfield code="a">He.01</subfield>
    <subfield code="2">kssb/8</subfield>
  </datafield>
  <datafield tag="100" ind1="1" ind2=" ">
    <subfield code="a">Greene, Graham,</subfield>
    <subfield code="d">1904-1991</subfield>
    <subfield code="4">aut</subfield>
    <subfield code="0">https://libris.kb.se/pm1336t71ssp015#it</subfield>
  </datafield>
  <datafield tag="245" ind1="1" ind2="4">
    <subfield code="a">The power and the glory /</subfield>
    <subfield code="c">Graham Greene ; with an introduction by John Updike.</subfield>
  </datafield>
  <datafield tag="264" ind1=" " ind2="1">
    <subfield code="a">London :</subfield>
    <subfield code="b">Vintage,</subfield>
    <subfield code="c">2001, c1940.</subfield>
  </datafield>
  <datafield tag="300" ind1=" " ind2=" ">
    <subfield code="a">xii, 220 p.</subfield>
    <subfield code="c">20 cm</subfield>
  </datafield>
  <datafield tag="500" ind1=" " ind2=" ">
    <subfield code="a">Originally published: London: Heinemann, 1940. Reprinted with a new introduction.</subfield>
  </datafield>
  <datafield tag="610" ind1="2" ind2="0">
    <subfield code="a">Catholic Church</subfield>
    <subfield code="z">Mexico</subfield>
    <subfield code="x">Clergy</subfield>
    <subfield code="v">Fiction.</subfield>
  </datafield>
  <datafield tag="610" ind1="2" ind2="7">
    <subfield code="a">Romersk-katolska kyrkan</subfield>
    <subfield code="z">Mexiko</subfield>
    <subfield code="v">Sk&#xFFFD;nlitteratur</subfield>
    <subfield code="2">sao</subfield>
  </datafield>
  <datafield tag="650" ind1=" " ind2="7">
    <subfield code="a">Traditioner</subfield>
    <subfield code="0">https://id.kb.se/term/sao/Traditioner</subfield>
    <subfield code="2">sao</subfield>
  </datafield>
  <datafield tag="650" ind1=" " ind2="7">
    <subfield code="a">Vardagsliv</subfield>
    <subfield code="0">https://id.kb.se/term/sao/Vardagsliv</subfield>
    <subfield code="2">sao</subfield>
  </datafield>
  <datafield tag="650" ind1=" " ind2="0">
    <subfield code="a">Persecution</subfield>
    <subfield code="z">Mexico</subfield>
    <subfield code="v">Fiction.</subfield>
  </datafield>
  <datafield tag="650" ind1=" " ind2="7">
    <subfield code="a">Pr&#xFFFD;ster</subfield>
    <subfield code="z">Mexiko</subfield>
    <subfield code="v">Sk&#xFFFD;nlitteratur</subfield>
    <subfield code="2">sao</subfield>
  </datafield>
  <datafield tag="650" ind1=" " ind2="7">
    <subfield code="a">F&#xFFFD;rf&#xFFFD;ljelse</subfield>
    <subfield code="z">Mexiko</subfield>
    <subfield code="v">Sk&#xFFFD;nlitteratur</subfield>
    <subfield code="2">sao</subfield>
  </datafield>
  <datafield tag="650" ind1=" " ind2="0">
    <subfield code="a">Manners and customs</subfield>
  </datafield>
  <datafield tag="651" ind1=" " ind2="0">
    <subfield code="a">Mexico</subfield>
    <subfield code="x">Social life and customs</subfield>
    <subfield code="v">Fiction.</subfield>
  </datafield>
  <datafield tag="651" ind1=" " ind2="7">
    <subfield code="a">Mexiko</subfield>
    <subfield code="v">Sk&#xFFFD;nlitteratur</subfield>
    <subfield code="2">sao</subfield>
  </datafield>
  <datafield tag="653" ind1=" " ind2=" ">
    <subfield code="a">Sk&#xFFFD;nlitteratur: engelska: romaner och noveller</subfield>
  </datafield>
  <datafield tag="700" ind1="1" ind2=" ">
    <subfield code="a">Updike, John,</subfield>
    <subfield code="d">1932-2009</subfield>
    <subfield code="4">aui</subfield>
    <subfield code="0">https://libris.kb.se/fcrtql8z2lw56ds#it</subfield>
  </datafield>
  <datafield tag="887" ind1=" " ind2=" ">
    <subfield code="a">{"@id":"vd677r4644669m4","modified":"2018-10-30T23:00:00+01:00"}</subfield>
    <subfield code="2">librisxl</subfield>
  </datafield>
  <datafield tag="887" ind1=" " ind2=" ">
    <subfield code="a">{"@id":"w179x4s255d6t54","modified":"2009-10-27T12:48:16+01:00"}</subfield>
    <subfield code="2">librisxl</subfield>
  </datafield>
  <datafield tag="887" ind1=" " ind2=" ">
    <subfield code="a">{"@id":"dspqqmtfb7thn6lv","modified":"2023-05-16T09:31:34.222+02:00"}</subfield>
    <subfield code="2">librisxl</subfield>
  </datafield>
  <datafield tag="887" ind1=" " ind2=" ">
    <subfield code="a">{"@id":"mr0frmjs30l85g4","modified":"2024-04-29T22:25:20.925+02:00"}</subfield>
    <subfield code="2">librisxl</subfield>
  </datafield>
  <datafield tag="887" ind1=" " ind2=" ">
    <subfield code="a">{"@id":"m1f1sftnkq32fkkx","modified":"2021-12-18T09:16:22.849+01:00"}</subfield>
    <subfield code="2">librisxl</subfield>
  </datafield>
  <datafield tag="942" ind1=" " ind2=" ">
    <subfield code="2">ddc</subfield>
    <subfield code="c">BK-EN</subfield>
    <subfield code="n">0</subfield>
  </datafield>
  <datafield tag="999" ind1=" " ind2=" ">
    <subfield code="c">8948</subfield>
    <subfield code="d">8948</subfield>
  </datafield>
</record>
